000 00300nam a22001337a 4500
999 _c14404
_d14404
003 OSt
005 20260211174805.0
008 260211b ||||| |||| 00| 0 eng d
020 _a9789384204303
082 _a720.48
_bAUT
100 _aNikhil Authankar
245 _aA Sketcher's Book/
942 _2ddc